[Event "TUR-ch op"]
[Site "Antalya"]
[Date "2008.02.09"]
[Round "10.53"]
[White "Aysoy, Veysi"]
[Black "Aydin, Kivanc"]
[Result "1-0"]
[WhiteElo "1906"]
[BlackElo "1566"]
[PlyCount "87"]
[EventDate "2008.02.04"]
[EventType "swiss"]
[EventRounds "11"]
[EventCountry "TUR"]
[SourceTitle "CBM 122 Extra"]
[Source "ChessBase"]
[SourceDate "2008.03.04"]
[SourceVersion "1"]
[SourceVersionDate "2008.03.04"]
[SourceQuality "1"]

1. d4 d5 2. e3 Nf6 3. Bd3 c6 4. Nd2 g6 5. f4 Bg7 6. Ngf3 Bg4 7. h3 Bxf3 8. Nxf3 Nbd7 9. f5 Qc7 10. Qe2 Qg3+ 11. Kf1 Ne4 12. fxg6 fxg6 13. Bxe4 dxe4 14. Qe1 Qxe1+ 15. Nxe1 e5 16. c3 0-0-0 17. Ke2 exd4 18. cxd4 c5 19. Nc2 cxd4 20. exd4 Nb6 21. Be3 Rd7 22. Rhd1 Rhd8 23. Bg5 Rf8 24. Rac1 Kb8 25. Be3 Nc4 26. Rb1 Nd6 27. g3 h6 28. Bf4 g5 29. Be5 Rf5 30. Ne3 Rf3 31. Nc4 Bf8 32. Rf1 b5 33. Nd2 Rxf1 34. Rxf1 Be7 35. Nxe4 Ka8 36. Nxd6 Bxd6 37. Ke3 Kb7 38. Rf6 Bxe5 39. dxe5 Re7 40. Ke4 h5 41. e6 Kc7 42. Ke5 h4 43. g4 a5 44. Rg6 1-0

[Event "TUR-ch op"]
[Site "Antalya"]
[Date "2008.02.08"]
[Round "8.55"]
[White "Sahap, Abdurrahman"]
[Black "Aydin, Kivanc"]
[Result "1-0"]
[WhiteElo "1679"]
[BlackElo "1566"]
[PlyCount "87"]
[EventDate "2008.02.04"]
[EventType "swiss"]
[EventRounds "11"]
[EventCountry "TUR"]
[SourceTitle "CBM 122 Extra"]
[Source "ChessBase"]
[SourceDate "2008.03.04"]
[SourceVersion "1"]
[SourceVersionDate "2008.03.04"]
[SourceQuality "1"]

1. d4 d5 2. c4 e6 3. Nf3 Nf6 4. e3 Be7 5. Bd3 0-0 6. 0-0 b6 7. b3 Bb7 8. Ba3 Nbd7 9. Bxe7 Qxe7 10. Nc3 Rfd8 11. Qc2 e5 12. cxd5 e4 13. Nxe4 Nxe4 14. Bxe4 Nf6 15. Bd3 Rxd5 16. Ne5 c5 17. Bc4 Rxe5 18. dxe5 Qxe5 19. Qe2 Qg5 20. f3 Re8 21. e4 Nh5 22. Qf2 a6 23. Rad1 Nf6 24. a4 h5 25. Qg3 Qe3+ 26. Kh1 Bc8 27. Rfe1 Qh6 28. Rd6 h4 29. Qf2 h3 30. e5 hxg2+ 31. Qxg2 Bb7 32. Rxf6 Qxf6 33. exf6 Rxe1+ 34. Bf1 g6 35. Kg1 Re6 36. Qg3 Bd5 37. Bc4 Bxc4 38. bxc4 Rxf6 39. Kf2 Re6 40. h4 Kh7 41. Qc7 Kg7 42. a5 bxa5 43. Qxc5 a4 44. Qa5 1-0

[Event "TUR-ch op"]
[Site "Antalya"]
[Date "2008.02.07"]
[Round "7.64"]
[White "Aydin, Kivanc"]
[Black "Yavic, Adnan"]
[Result "1-0"]
[WhiteElo "1566"]
[BlackElo "2026"]
[PlyCount "73"]
[EventDate "2008.02.04"]
[EventType "swiss"]
[EventRounds "11"]
[EventCountry "TUR"]
[SourceTitle "CBM 122 Extra"]
[Source "ChessBase"]
[SourceDate "2008.03.04"]
[SourceVersion "1"]
[SourceVersionDate "2008.03.04"]
[SourceQuality "1"]

1. d4 Nf6 2. Nf3 e6 3. Nbd2 d5 4. e3 b6 5. Bd3 Bd6 6. e4 dxe4 7. Nxe4 Bb7 8. Nxf6+ gxf6 9. Be3 Nc6 10. c3 Qe7 11. Qe2 a6 12. 0-0-0 b5 13. g4 Na5 14. b3 Bd5 15. c4 bxc4 16. bxc4 Ba3+ 17. Kc2 Bc6 18. Rb1 Ba4+ 19. Kd2 Bb4+ 20. Kc1 Rd8 21. Bc2 Bc6 22. Rg1 Bc3 23. c5 Bd5 24. Ba4+ Kf8 25. Bh6+ Kg8 26. g5 f5 27. Qe5 Qf8 28. Bxf8 Rxf8 29. Qxc7 Bxf3 30. Rb8 Nc4 31. Rxf8+ Kxf8 32. Qd8+ Kg7 33. Qf6+ Kg8 34. Kc2 Ba5 35. Rg3 Be4+ 36. Kc1 Bc7 37. Be8 1-0

[Event "TUR-ch op"]
[Site "Antalya"]
[Date "2008.02.05"]
[Round "3.52"]
[White "Suzan, Ufuk"]
[Black "Aydin, Kivanc"]
[Result "1/2-1/2"]
[WhiteElo "1694"]
[BlackElo "1566"]
[PlyCount "29"]
[EventDate "2008.02.04"]
[EventType "swiss"]
[EventRounds "11"]
[EventCountry "TUR"]
[SourceTitle "CBM 122 Extra"]
[Source "ChessBase"]
[SourceDate "2008.03.04"]
[SourceVersion "1"]
[SourceVersionDate "2008.03.04"]
[SourceQuality "1"]

1. e4 c6 2. d4 d5 3. e5 Bf5 4. g4 Bg6 5. h4 h6 6. Bd3 Bxd3 7. Qxd3 e6 8. f4 Nd7 9. f5 c5 10. fxe6 fxe6 11. Qg6+ Ke7 12. h5 cxd4 13. Bg5+ hxg5 14. Qxg5+ Ke8 15. Qg6+ 1/2-1/2

[Event "TUR-ch op"]
[Site "Antalya"]
[Date "2008.02.04"]
[Round "1.43"]
[White "Bagci, Hikmet"]
[Black "Aydin, Kivanc"]
[Result "0-1"]
[WhiteElo "1983"]
[BlackElo "1566"]
[PlyCount "126"]
[EventDate "2008.02.04"]
[EventType "swiss"]
[EventRounds "11"]
[EventCountry "TUR"]
[SourceTitle "CBM 122 Extra"]
[Source "ChessBase"]
[SourceDate "2008.03.04"]
[SourceVersion "1"]
[SourceVersionDate "2008.03.04"]
[SourceQuality "1"]

1. e4 d5 2. exd5 Qxd5 3. Nc3 Qa5 4. d4 c6 5. Bd2 Bf5 6. Nf3 Nd7 7. Bc4 Qc7 8. 0-0 e6 9. Nh4 Bg6 10. Re1 Ne7 11. Ne4 Nd5 12. g3 Be7 13. Ng5 Bxg5 14. Bxg5 N7f6 15. c3 0-0 16. Nxg6 hxg6 17. Bb3 c5 18. c4 Ne7 19. Bf4 Qb6 20. dxc5 Qa5 21. Bd6 Rfd8 22. Qf3 Nf5 23. Red1 Nxd6 24. cxd6 Qb6 25. Qf4 Rac8 26. Rd2 Rc5 27. Rad1 a5 28. Ba4 Nd7 29. Bb5 Rf5 30. Qd4 Nc5 31. a3 e5 32. Qe3 a4 33. Rd5 Nd7 34. Bxd7 Qxe3 35. fxe3 Rxd7 36. c5 f6 37. Kg2 e4 38. Rxf5 gxf5 39. Rd4 Kf7 40. Rxa4 Ke6 41. Rd4 g5 42. a4 Ke5 43. b4 f4 44. Kf2 f3 45. b5 g4 46. c6 bxc6 47. b6 c5 48. Rd1 Rxd6 49. Rxd6 Kxd6 50. a5 Kc6 51. Ke1 c4 52. Kd2 c3+ 53. Ke1 c2 54. Kd2 f2 55. b7 Kxb7 56. a6+ Kxa6 57. Ke2 c1Q 58. Kxf2 Qd2+ 59. Kf1 Qxe3 60. Kg2 Qf3+ 61. Kg1 e3 62. h4 e2 63. Kh2 e1R 0-1